000 01014nmc a2200361 a 4500
003 AR-BaBNM
005 20251128205616.0
008 128019s1997 ||||||||||||||000 | spa||
020 _a84-493-0475-X
040 _cAR-BaBNM
100 1 _aFlecha, Ramón
245 1 0 _aCompartiendo palabras
_bel aprendizaje de las personas adultas a través del diálogo
250 _a1ª ed.
260 _aBarcelona
_bPaidós
_c1997
300 0 _a157 p.
490 0 _aPapeles de pedagogía
_vv. 34
500 0 _aNotas y referencias bibliográficas a pie de página
600 1 4 _aHabermas, Jürgen
600 1 4 _aFreire, Paulo
650 4 _aEDUCACION DE ADULTOS
650 4 _aEDUCACION COMUNITARIA
650 4 _aAPRENDIZAJE
650 4 _aPEDAGOGIA
650 4 _aDIALOGO
650 4 _aACCION CULTURAL
650 4 _aAPRENDIZAJE DE ADULTOS
650 4 _aEDUCACION ALTERNATIVA
650 4 _aALFABETIZACION FUNCIONAL
650 4 _aMULTICULTURALISMO
651 4 _aEspaña
942 _cBK
998 _carturo
999 _c12114
_d12114